| 000 | 01175cam a2200349 i 4500 | ||
|---|---|---|---|
| 001 | 192636 | ||
| 003 | SpMaBN | ||
| 005 | 20250929063314.0 | ||
| 007 | ta | ||
| 008 | 090616s2009 sp | |||| 000 f spa | ||
| 017 |
_aCO 476-2009 _bOficina Depósito Legal Córdoba |
||
| 020 | _a9788493688530 | ||
| 035 | _a(OCoLC)733648340 | ||
| 040 |
_aSpMaBN _bspa _cES-MaACL _erda |
||
| 080 | _a821.134.2-31"19" | ||
| 100 | 1 |
_aSánchez Blanco, Manuel, _d1925- _eaut _9176415 |
|
| 245 | 1 | 3 |
_aEl secuestro de Julio Anguita : _b[(novela)] / _cManuel Sánchez Blanco |
| 250 | _aPrimera edición, abril 2009 | ||
| 264 | 1 |
_aCórdoba : _bEl Páramo, _c2009 |
|
| 300 |
_a269 páginas ; _c21 cm |
||
| 336 |
_2rdacontent _aTexto |
||
| 337 |
_2rdamedia _asin mediación |
||
| 338 |
_2rdacarrier _avolumen |
||
| 490 | 1 |
_aCórdoba con historia ; _v3 |
|
| 600 | 1 | 4 |
_921771 _aAnguita González, Julio, _d1941-2020 |
| 655 | 7 |
_9235273 _aNovelas políticas |
|
| 830 | 0 |
_aCórdoba con historia _v3 _9176416 |
|
| 852 |
_aES-MaACL _bR. 153204 _jN-8268 _cDEPOJ _hDonación: Editorial _9199930 |
||
| 942 |
_n0 _cMONOGRAFIA |
||
| 999 |
_c192636 _d192636 |
||